| 000 | 00494nam a2200169Ia 4500 | ||
|---|---|---|---|
| 008 | 231217s9999 xx 000 0 und d | ||
| 041 | _aEnglish | ||
| 082 | _a669 PHA;5 R | ||
| 100 | _aPhaneesh, K R. Ramachandram, H D. | ||
| 245 | 0 | _aMaterial science and matallurgy : as per revised VTU syllabus | |
| 250 | _a5th ed. | ||
| 260 |
_c2005 _bSudha publ. _aBangalore |
||
| 300 | _a264 | ||
| 400 | _aSudha's student friendly text book series | ||
| 650 | _aMaterial,matallurgy | ||
| 942 | _cAA | ||
| 999 |
_c196105 _d196105 |
||